Bytový dom
Enregistré dans:
| Auteur principal: | |
|---|---|
| Autres auteurs: | |
| Format: | Manuscrit Livre |
| Langue: | slovaque |
| Publié: |
2025
|
| Sujets: | |
| Accès en ligne: | http://is.stuba.sk/zp/portal_zp.pl?podrobnosti=167825 CRZP |
| Tags: |
Pas de tags, Soyez le premier à ajouter un tag!
|
MARC
| LEADER | 00000ntm a22000003a 4500 | ||
|---|---|---|---|
| 001 | stuzp104391 | ||
| 003 | SK-STU | ||
| 005 | 20250728140614.6 | ||
| 007 | ta | ||
| 008 | 150427s2015----xo-----f-mn---000-0-slo-d | ||
| 040 | |a STU |b slo | ||
| 041 | 0 | |a slo | |
| 100 | 1 | |a Sedlák, Ján |u 010180 |4 aut |U SvF Stavebná fakulta |T SvF Katedra konštrukcií pozemných stavieb |X 115192 |U V180 |Y 18 |7 115192 | |
| 242 | 0 | 1 | |a RESIDENTIAL BUILDING |y eng |
| 245 | 1 | 0 | |a Bytový dom |
| 260 | |c 2025 | ||
| 650 | 4 | |a bytový dom |2 slo | |
| 650 | 4 | |a prevetrávaná fasáda |2 slo | |
| 650 | 4 | |a polyfunkcia |2 slo | |
| 650 | 4 | |a lodžia |2 slo | |
| 650 | 4 | |a zdvižno-posuvné |2 slo | |
| 650 | 4 | |a balkónové dvere |2 slo | |
| 650 | 4 | |a objektová dilatácia |2 slo | |
| 650 | 4 | |a bezbariérovosť |2 slo | |
| 650 | 4 | |a byty |2 slo | |
| 650 | 4 | |a apartment building |2 eng | |
| 650 | 4 | |a balcony doors |2 eng | |
| 650 | 4 | |a structural expansion joint |2 eng | |
| 650 | 4 | |a accessibility |2 eng | |
| 650 | 4 | |a apartments |2 eng | |
| 650 | 4 | |a ventilated facade |2 eng | |
| 650 | 4 | |a mixed-use space |2 eng | |
| 650 | 4 | |a loggia |2 eng | |
| 650 | 4 | |a lift-and-slide |2 eng | |
| 700 | 1 | |a Hartman, Peter |u 010180 |k Z1 |4 ths |U SvF Stavebná fakulta |T SvF Katedra konštrukcií pozemných stavieb |X 39278 |U V180 |Y 18 |7 A000039278 | |
| 856 | 4 | |u http://is.stuba.sk/zp/portal_zp.pl?podrobnosti=167825 | |
| 856 | 4 | |u https://opac.crzp.sk/?fn=detailBiblioForm&sid=C9A1C75A261DD259FA854C1E26A3 |z CRZP | |